| 000 | 00000nam 2200000za 4500 |
| 001 | 9.641589 |
| 003 | CaOODSP |
| 005 | 20221107134342 |
| 007 | cr ||||||||||| |
| 008 | 150407s1970||||xxc|||||o f000 0 fre d |
| 040 | |aCaOODSP|bfre |
| 043 | |an-cn--- |
| 086 | 1 |aA53-1260/1970F-PDF |
| 100 | 1 |aPhillips, W. R. |
| 245 | 12|aL'entreposage des fruits et des légumes à la ferme et dans le commerce |h[ressource électronique] / |cW.R. Phillips, Institut de recherches sur les aliments et J.C. Armstrong, Bureau de renseignements sur les recherches alimentaires. |
| 250 | |aRevisé. |
| 260 | |aOttawa : |bDirection de la recherche, Ministère de l'agriculture du Canada, |c1970. |
| 300 | |a54 p. |
| 500 | |aÉd. originale : 1967. |
| 500 | |aPublication historique numérisée par Agriculture et Agroalimentaire Canada. |
| 500 | |aPublié aussi en anglais sous le titre : Handbook on the storage of fruits and vegetables for farm and commercial use. |
| 504 | |aComprend des réf. bibliogr. |
| 590 | |a13-17-Supp|b2013-07-25 |
| 691 | 07|aEntreposage|2gcpds |
| 691 | 07|aProduit agro-alimentaire|2gcpds |
| 700 | 1 |aArmstrong, J. G. |
| 710 | 1 |aCanada.|bAgriculture Canada. |bDirection générale de recherche. |
| 775 | 08|tHandbook on the storage of fruits and vegetables for farm and commercial use |w(CaOODSP)9.698238 |
| 856 | 40|ahttp://publications.gc.ca|qPDF|s3.55 Mo|uhttps://publications.gc.ca/collections/collection_2013/aac-aafc/agrhist/A53-1260-1970-fra.pdf |
| 986 | |aPublication 1260 |